Lost city : (Record no. 174480)

000 -LEADER
fixed length control field 01096cam a2200301 a 4500
001 - CONTROL NUMBER
control field 13601382
003 - CONTROL NUMBER IDENTIFIER
control field Nust
005 - DATE AND TIME OF LATEST TRANSACTION
control field 20220829114630.0
008 - FIXED-LENGTH DATA ELEMENTS--GENERAL INFORMATION
fixed length control field 040521s2004 nyu 000 1 eng
010 ## - LIBRARY OF CONGRESS CONTROL NUMBER
LC control number 2004050556
020 ## - INTERNATIONAL STANDARD BOOK NUMBER
International Standard Book Number 9780141017716
040 ## - CATALOGING SOURCE
Original cataloging agency DLC
Transcribing agency DLC
Modifying agency DLC
050 00 - LIBRARY OF CONGRESS CALL NUMBER
Classification number PS3553.U75
Item number L67 2004
082 00 - DEWEY DECIMAL CLASSIFICATION NUMBER
Classification number 823
Author Mark CUS
100 1# - MAIN ENTRY--PERSONAL NAME
Personal name Cussler, Clive.
9 (RLIN) 12104
245 10 - TITLE STATEMENT
Title Lost city :
Remainder of title a novel from the Numa files /
Statement of responsibility, etc. Clive Cussler with Paul Kemprecos.
260 ## - PUBLICATION, DISTRIBUTION, ETC.
Place of publication, distribution, etc. New York :
Name of publisher, distributor, etc. Putnam,
Date of publication, distribution, etc. 2004.
300 ## - PHYSICAL DESCRIPTION
Extent 531 p. ;
Dimensions 24 cm.
650 #0 - SUBJECT ADDED ENTRY--TOPICAL TERM
Topical term or geographic name entry element Austin, Kurt (Fictitious character)
Form subdivision Fiction.
9 (RLIN) 12105
650 #0 - SUBJECT ADDED ENTRY--TOPICAL TERM
Topical term or geographic name entry element Underwater exploration
Form subdivision Fiction.
9 (RLIN) 12160
650 #0 - SUBJECT ADDED ENTRY--TOPICAL TERM
Topical term or geographic name entry element Marine scientists
Form subdivision Fiction.
9 (RLIN) 12106
650 #0 - SUBJECT ADDED ENTRY--TOPICAL TERM
Topical term or geographic name entry element Immortalism
Form subdivision Fiction.
9 (RLIN) 9956
655 #7 - INDEX TERM--GENRE/FORM
Genre/form data or focus term Suspense fiction.
Source of term gsafd
700 1# - ADDED ENTRY--PERSONAL NAME
Personal name Kemprecos, Paul.
9 (RLIN) 12110
906 ## - LOCAL DATA ELEMENT F, LDF (RLIN)
a 7
b cbc
c orignew
d 1
e ocip
f 20
g y-gencatlg
942 ## - ADDED ENTRY ELEMENTS (KOHA)
Source of classification or shelving scheme
Koha item type Book
Holdings
Withdrawn status Lost status Source of classification or shelving scheme Damaged status Not for loan Permanent Location Current Location Shelving location Date acquired Total Checkouts Full call number Barcode Date last seen Date last checked out Copy number Price effective from Koha item type
          Central Library (CL) Central Library (CL) Fiction 01/27/2017 2 823 CUS CL558 03/31/2023 03/01/2023 1 01/27/2017 Book
© 2023 Central Library, National University of Sciences and Technology. All Rights Reserved.